| 000 | 00533nam a2200157Ia 4500 | ||
|---|---|---|---|
| 008 | 230907s9999||||xx |||||||||||||| ||und|| | ||
| 082 |
_a620 _bSAR |
||
| 100 |
_aMuhammad Zeeshan Sarwar (00000277253) _9116682 |
||
| 245 | 0 | _aMitigation of Electric Vehicle Charging Impacts Using Photovoltaic and Valley Filling in a Real Distribution Network / | |
| 260 |
_aUSPCAS-E, NUST, _bIslamabad : _c2022 |
||
| 300 | _axiv, 69 p. | ||
| 520 | _aTH-352 | ||
| 650 | _aMS-EEP Thesis MS Thesis | ||
| 700 | _aDr Muhammad Yousif | ||
| 942 |
_cTHE _2ddc |
||
| 999 |
_c602030 _d602030 |
||